000 00514nam a2200181Ia 4500
003 GCL
008 140319s9999 xx 000 0 ara d
040 _aGCL /
_cGCL
082 0 4 _a813.081
_bح ق
100 1 _aحامد الشرقاوى
245 1 0 _aالقضية: رواية تاريخية /
_cحامد الشرقاوى
300 _a223 ص
490 _aكتاب
_v0
650 0 4 _aالادب العربى
650 0 4 _aالقصص العربية
650 0 4 _aالقصص التاريخية
942 _2ddc
_cBK
999 _c43010
_d43010